عرض عادي عرض مارك
  • Musculoskeletal system

مدخل مصطلح موضوعي

عدد التسجيلات المستخدمة في: 2

001 - رقم الضبط

  • حقل الضبط: 16251

003 - معرف رقم الضبط

  • حقل الضبط: OSt

005 - تاريخ ووقت أخر عملية

  • حقل الضبط: 20120624083815.0

008 - عناصر بيانات ثابتة الطول

  • حقل تحكم ثابت الطول: 120624|||a|||||| | ||| d

040 ## - مصدر الفهرسة

  • هيئة الفهرسة الأصلية: OSt
  • وكالة الكتابة: OSt

150 ## - مدخل-- مصطلح تاريخي

  • عنصر مدخل المصطلح الموضوعي او الاسم الجغرافي: Musculoskeletal system
  • تفريع عام: Diseases
  • تفريع عام: Imaging.

670 ## - بيانات المصدر موجوده

  • الاستشهاد بالمصدر: Work cat.: (OSt)0: Diagnostic imaging of musculoskeletal diseases :, c2010.